Agricultural development and sustainable intensification : technology and policy challenges in the face of climate change /

Bibliographic Details
Corporate Author: ProQuest (Firm)
Other Authors: Nagothu, Udaya Sekhar (Editor)
Format: eBook
Language:English
Published: Abingdon, Oxon ; New York, NY : Routledge, 2018.
Series:Earthscan food and agriculture.
Subjects:
Online Access:Connect to the full text of this electronic book

MARC

Tag First Indicator Second Indicator Subfields
LEADER 00000cam a22000001i 4500
001 in00004031421
006 m |o d |
007 cr |n|||||||||
008 180613t20182018enk ob 001 0 eng d
005 20250816222501.4
020 |a 9781351403337 (electronic bk.) 
020 |a 1351403338 (electronic bk.) 
020 |z 9781138300590 
020 |z 1138300594 
024 8 |a 40028200519 
035 |a (NhCcYBP)ebc5391415 
040 |a NhCcYBP  |c NhCcYBP  |d UtOrBLW 
050 4 |a S494.5.S86  |b A366 2018 
070 0 |a S494.5.S86  |b A3742 2018 
082 0 4 |a 338.1  |2 23 
245 0 0 |a Agricultural development and sustainable intensification :  |b technology and policy challenges in the face of climate change /  |c edited by Udaya Sekhar Nagothu. 
264 1 |a Abingdon, Oxon ;  |a New York, NY :  |b Routledge,  |c 2018. 
264 4 |c ©2018 
300 |a 1 online resource. 
336 |a text  |b txt  |2 rdacontent 
337 |a computer  |b c  |2 rdamedia 
338 |a online resource  |b cr  |2 rdacarrier 
490 1 |a Earthscan food and agriculture series 
504 |a Includes bibliographical references and index. 
505 0 |a Agricultural development and sustainable intensification: technology and policy innovations / Udaya Sekhar Nagothu, Esther Bloem and Andrew Borrell -- Save and grow: translating policy advice into field action for sustainable intensification of rice production / Jan Willem Ketelaar, Alma Linda M. Abubakar, Pham Van Du, Cahyana Widyastama, Avakat Phasouysaingam, Jesse Binamira & Ngo Tien Dung -- Sustainable intensification and maize value chain improvements in Sub-Saharan Africa / Isaiah Nyagumbo, Mehreteab Tesfai, Udaya Sekhar Nagothu, James K. Karanja -- The role of wheat in global food security / Maricelis Acevedo, Jason D. Zurn, Gemma Molero, Pawan Singh, Xinyao He, Meriem Aoun, Philomin Juliana, Harold Bockleman, Mike Bonman, Mahmoud El-Sohl, Ahmed Amri, Ronnie Coffman, and Linda McCandless -- Innovative practices in potato production for food and nutrition security / Ngo Tien Dung, Udaya Sekhar Nagothu, Alma Linda M. Abubakar, Jan Willem Ketelaar, Mehreteab Tesfai -- Pulses-millets crop diversification by smallholders and their potential for sustainable food and nutrition security / Mehreteab Tesfai, Udaya Sekhar Nagothu, Asfaw Adugna -- Global challenges in today's horticulture and prospects offered by protected vegetable cultivation / Hugo Despretz, Warwick Easdown and Mansab Ali -- Sustainable crop-livestock intensification in the Sub-Saharan Africa: improving productivity through innovative adaptation / Donald M.G. Njarui, Mupenzi Mutimura, Elias M. Gichangi and Sita R. Ghimire -- Community-driven approaches to sustainable intensification in river deltas: lessons from the Ganges and Mekong rivers / Douglas J. Merrey, Manoranjan K. Mondal, Chu Thai Hoanh, Elizabeth Humphreys, Nga Dao -- Sustainable agriculture intensification: innovations to strengthen extension services and market linkages / Udaya Sekhar Nagothu and Allison Morrill Chatrchyan -- Multi-level policy measures to support sustainable agriculture intensification for smallholders / Allison Chatrchyan, Christina Yin, Emmanuel Torquebiau, Udaya Sekhar Nagothu -- Summary, technology and policy options / udaya sekhar nagothu. 
588 |a Description based on print version record. 
500 |a Electronic resource. 
650 0 |a Sustainable agriculture.  |0 http://id.loc.gov/authorities/subjects/sh87004216 
650 0 |a Agricultural innovations.  |0 http://id.loc.gov/authorities/subjects/sh85002334 
650 0 |a Agriculture and state.  |0 http://id.loc.gov/authorities/subjects/sh85002484 
650 0 |a Food security.  |0 http://id.loc.gov/authorities/subjects/sh2009007706 
655 7 |a Electronic books.  |2 local 
700 1 |a Nagothu, Udaya Sekhar,  |e editor.  |0 http://id.loc.gov/authorities/names/n2014035937 
710 2 |a ProQuest (Firm)  |0 http://id.loc.gov/authorities/names/n2007068018 
776 1 8 |c Original  |z 9781138300590  |z 1138300594  |w (DLC) 2017053993 
830 0 |a Earthscan food and agriculture.  |0 http://id.loc.gov/authorities/names/no2012026833 
856 4 0 |u https://ebookcentral.proquest.com/lib/tamucs/detail.action?docID=5391415  |y Connect to the full text of this electronic book  |t 0 
955 |a YBP purchased approval e-records 
980 |b 231.00  |g 1 
987 |a ybp15364306 
999 f f |s 618a6ec5-a49c-3260-b129-67dbf1c021b3  |i 807ac19b-ad85-31c3-b56d-15f8e3a85c57  |t 0 
952 f f |a Texas A&M University  |b College Station  |c Electronic Resources  |d Available Online  |t 0  |e S494.5.S86 A366 2018  |h Library of Congress classification 
998 f f |a S494.5.S86 A366 2018  |t 0  |l Available Online